<?xml version="1.0" encoding="UTF-8"?>
<collection xmlns="http://www.loc.gov/MARC21/slim">
 <record>
  <leader>00432nam a2200145 c 4500</leader>
  <controlfield tag="001">bibDOK00000082</controlfield>
  <controlfield tag="005">20200924115635.4</controlfield>
  <controlfield tag="008">060518s1994    hu                  hun  </controlfield>
  <datafield tag="100" ind1="1" ind2=" ">
   <subfield code="a">Bibó István</subfield>
  </datafield>
  <datafield tag="245" ind1="1" ind2="0">
   <subfield code="a">Demokratikus Magyarországért. Válogatás Bibó István tanulmányaiból</subfield>
   <subfield code="c">Bibó István</subfield>
  </datafield>
  <datafield tag="260" ind1=" " ind2=" ">
   <subfield code="a">Bp.</subfield>
   <subfield code="b">Magvető K.</subfield>
   <subfield code="c">1994</subfield>
  </datafield>
  <datafield tag="300" ind1=" " ind2=" ">
   <subfield code="a">471 p.</subfield>
  </datafield>
  <datafield tag="695" ind1=" " ind2=" ">
   <subfield code="a">politikaelmélet</subfield>
  </datafield>
  <datafield tag="695" ind1=" " ind2=" ">
   <subfield code="a">demokrácia</subfield>
  </datafield>
  <datafield tag="695" ind1=" " ind2=" ">
   <subfield code="a">társadalomtörténet</subfield>
  </datafield>
 </record>
</collection>
